La isla del tesoro
Sparad:
| Huvudupphovsman: | |
|---|---|
| Materialtyp: | Bok |
| Språk: | Undetermined |
| Publicerad: |
San José, Costa Rica
EDUCA
1998
|
| Ämnen: | |
| Taggar: |
Lägg till en tagg
Inga taggar, Lägg till första taggen!
|
MARC
| LEADER | 00000nam a2200000Ia 4500 | ||
|---|---|---|---|
| 008 | 170316s9999 xx 000 0 und d | ||
| 090 | |a 809 S-2i | ||
| 100 | |a Stevenson, Robert Luis | ||
| 245 | |a La isla del tesoro | ||
| 260 | |a San José, Costa Rica | ||
| 260 | |b EDUCA | ||
| 260 | |c 1998 | ||
| 300 | |a 138 páginas | ||
| 650 | |a LITERATURA INFANTIL Y JUVENIL | ||
| 999 | |c 20804 |d 20804 | ||
| 040 | |a cru BVZT | ||
| 942 | |c 15 D |h 809 S-2i |2 z | ||
